| 000 | 00960nam a2200253 a 4500 | ||
|---|---|---|---|
| 001 | 000005594 | ||
| 005 | 20200929151723.0 | ||
| 008 | 090820s1992 sp a 001 0 spa d | ||
| 020 | _a8400072413 | ||
| 040 |
_aDO-SdBNP _bspa _cBNPHU |
||
| 082 |
_a861.09 _bN672p |
||
| 100 | 1 |
_aNiemeyer, Katharina _915789 |
|
| 245 | 1 | 3 |
_aLa poesía del premodernismo español / _cKatharina Niemeyer. |
| 260 |
_aMadrid : _bConsejo Superior de Investigacines Científicas, _c1992. |
||
| 300 |
_a428 p. : _bil. ; _c25 cm. |
||
| 490 | 1 |
_aBiblioteca de Filología Hispánica _v7 |
|
| 500 | _aIncluye índice | ||
| 500 | _aIncluye referencias bibliográficas y notas al pie de las páginas | ||
| 504 | _aBibliografía: p. 399-418 | ||
| 650 | 4 |
_aPoesía española _ySIGLO 19 _xHistoria y crítica _915790 |
|
| 650 | 4 |
_aPoesía española _ySIGLO 20 _xHistoria y crítica _915791 |
|
| 830 | 1 |
_aBiblioteca de Filología Hispánica _n7 _915792 |
|
| 910 | _aValidado. Control de calidad MFF | ||
| 999 |
_c5393 _d5393 |
||